Histrionismo y representacion : ejemplos y pretextos /

Guardado en:
Autor Principal: Ayala, Francisco J.
Formato: Libro
Publicado: Buenos Aires : Sudamericana, 1944
Materias:
Etiquetas: Agregar Etiqueta
Sin Etiquetas, Sea el primero en etiquetar este registro!
LEADER 00582nam a22001935a 4500
001 EHU.bham024587
003 AR-BHAM
005 20130507152509.0
008 130507s1944##################000#0#####d
082 8 0 |a 802.09 
100 1 |a Ayala, Francisco J. 
245 1 0 |a Histrionismo y representacion :  |b ejemplos y pretextos /  |c Francisco J. Ayala 
260 |a Buenos Aires :  |b Sudamericana,  |c 1944 
300 |a 241 p. 
653 |a Donacion lejarraga 
653 |a Representacion 
653 |a Teatro 
653 |a Teatro-lenguaje 
859 |a AR-BHAM  |b BIB. HUMANIDADES - General  |h 802.09  |i AY14  |p 359.02  |t Ej.1